Break My Heart - Dua Lipa (All Lyrics) - Statistics

General Stats
  • This quiz has been taken 691 times
  • The average score is 298 of 376
Answer Stats
Lyrics % Correct
I
100%
a
99%
my
97%
the
96%
break
95%
heart?
95%
on
95%
You
95%
you
95%
one
93%
in
91%
love
91%
when
91%
no
90%
no,
90%
that
90%
it
89%
it,
89%
go.
88%
go,
88%
at
87%
do
87%
falling.
86%
falling?
86%
falling
86%
of
86%
was
86%
could
85%
to
85%
all.
84%
all
84%
but,
84%
But
84%
but
84%
home.
84%
stay
84%
with
84%
alone.
83%
I'm
82%
know
81%
said
81%
end
80%
"Hello",
80%
me.
80%
me
80%
better
79%
'Cause
78%
say
77%
win
77%
Am
75%
knew
75%
stayed
75%
and
73%
can
73%
time,
73%
time.
73%
what
73%
doing
72%
have
72%
Oh
72%
always
71%
I've
71%
Now
71%
now
71%
want
71%
baby.
69%
been
69%
first
69%
goodbye.
69%
Are
68%
never
68%
should've
68%
like.
67%
like
67%
for
65%
get
65%
Had
65%
million
63%
from
62%
times.
62%
before.
61%
before
61%
hundred
61%
attention,
60%
whatever
60%
name
59%
this
59%
heard
58%
not
58%
just
56%
your
56%
lose
55%
It's
54%
things
54%
only
53%
reflection.
53%
sure.
53%
Whenever
53%
letting
52%
there
52%
If
51%
if
51%
wrong
48%
afraid
47%
got
47%
every
46%
ain't
45%
would've
45%
feels
44%
hope
41%
waste
40%
Centre
39%
indecisive,
39%
known
39%
mind.
38%
Yeah,
37%
Everyone
31%
wonder,
30%
game,
28%
play
28%
Two
27%
No matching quizzes found
Score Distribution
Percent of People with Each Score
Percentile by Number Answered
Your Score History
You have not taken this quiz